[Event "AUTO-OPEN-4644"]
[Site "http://www.queenalice.com/game.php?id=1870934"]
[Date "2026.3.24"]
[Round "1"]
[White "Rafale2000"]
[Black "andrevillares"]
[Result "0-1"]
[WhiteElo "2000"]
[BlackElo "2178"]

1. e4 c6 2. d4 d5 3. Nc3 dxe4 4. Nxe4 Bf5 5. Ng3 Bg6 6. h4 h5 7. Nf3 e6 8. Bd3
Bxd3 9. Qxd3 Be7 10. Bf4 Nf6 11. O-O-O Nbd7 12. Rhe1 Nd5 13. Bd2 c5 14. dxc5
Nxc5 15. Qb5+ Qd7 16. Qxd7+ Kxd7 17. Kb1 Kc7 18. b4 Na4 19. c4 Ndc3+ 20. Kc2
Nxd1 21. Rxd1 Rad8 22. Bf4+ Kc8 23. Rxd8+ Rxd8 24. Kb3 Nb6 25. Ne5 f6 26. c5 Nd5
27. Ng6 Nxf4 28. Nxf4 Kd7 29. Ne4 f5 30. Ng5 Bxg5 31. hxg5 h4 32. Ng6 Kc6 33.
Nxh4 Rh8 34. g3 Rd8 35. Kc2 Rd4 36. Kc3 Rg4 37. g6 f4 38. Nf3 Kd5 39. Kd3 fxg3
40. Ke3 g2 0-1

[Event "AUTO-OPEN-4644"]
[Site "http://www.queenalice.com/game.php?id=1870949"]
[Date "2026.3.24"]
[Round "1"]
[White "Rafale2000"]
[Black "SGF"]
[Result "1-0"]
[WhiteElo "1979"]
[BlackElo "1691"]

1. e4 e5 2. Nf3 Qf6 3. Bc4 d6 4. d3 h6 5. Nc3 c6 6. O-O b5 7. Bb3 a5 8. a3 Be7
9. Be3 Qg6 10. d4 Bh3 11. g3 Bxf1 12. Kxf1 a4 13. Ba2 Nf6 14. dxe5 Nxe4 15. exd6
Bxd6 16. Nxe4 Qxe4 17. Qxd6 Qxf3 18. Qe5+ Kf8 19. Bd4 Rh7 20. Re1 Qh1+ 21. Ke2
Qxh2 22. Bc5+ Kg8 23. Qe8# 1-0

[Event "AUTO-OPEN-4644"]
[Site "http://www.queenalice.com/game.php?id=1870950"]
[Date "2026.3.24"]
[Round "1"]
[White "SGF"]
[Black "Rafale2000"]
[Result "1-0"]
[WhiteElo "1635"]
[BlackElo "2025"]

1. e4 Nf6 2. Qf3 e5 3. d3 d5 4. Be2 Bg4 5. Qg3 Bxe2 6. Nxe2 dxe4 7. dxe4 Bd6 8.
Bg5 Nbd7 9. h4 Be7 10. Nbc3 c6 11. h5 h6 12. Bxf6 Bxf6 13. O-O-O Qa5 14. Qd3
O-O-O 15. Ng3 Nc5 16. Qc4 Bg5+ 17. Kb1 Rd4 18. Rxd4 exd4 19. Qxd4 Bf6 20. e5 Rd8
21. Qg4+ Kb8 22. exf6 Ne6 23. fxg7 Rg8 24. Nf5 Nxg7 25. Nxh6 Qd8 26. Nxg8 1-0

[Event "AUTO-MASTER-3300"]
[Site "http://www.queenalice.com/game.php?id=1871440"]
[Date "2026.4.5"]
[Round "1"]
[White "Pin"]
[Black "Rafale2000"]
[Result "1-0"]
[WhiteElo "2137"]
[BlackElo "2007"]

1. d4 Nf6 2. Nf3 e6 3. e3 d5 4. Bd3 c5 5. c3 Nc6 6. O-O cxd4 7. exd4 Bd6 8. Bg5
O-O 9. Nbd2 h6 10. Bh4 Be7 11. Re1 Nh7 12. Bxe7 Qxe7 13. Ne5 Nf6 14. Re3 Nxe5
15. dxe5 Nd7 16. f4 b6 17. Rh3 Rd8 18. Nf3 Nf8 19. Nd4 Bb7 20. Qh5 f5 21. exf6
Qxf6 22. f5 e5 23. Ne6 Rd7 24. Nxf8 Kxf8 25. Rf1 a5 26. Rg3 Ba6 27. Rg6 Qd8 28.
f6 Bxd3 29. fxg7+ 1-0

[Event "AUTO-MASTER-3300"]
[Site "http://www.queenalice.com/game.php?id=1871441"]
[Date "2026.4.5"]
[Round "1"]
[White "Rafale2000"]
[Black "Pin"]
[Result "0-1"]
[WhiteElo "2018"]
[BlackElo "2146"]

1. e4 c5 2. c3 e5 3. d4 cxd4 4. cxd4 exd4 5. Nf3 Nc6 6. Nxd4 Nf6 7. Nc3 Bb4 8.
Nxc6 Bxc3+ 9. bxc3 dxc6 10. Qxd8+ Kxd8 11. Bg5 Re8 12. O-O-O+ Bd7 13. f3 Kc8 14.
Bc4 Be6 15. Bb3 Bxb3 16. axb3 Nd7 17. Rd6 f6 18. Rhd1 Rd8 19. Be3 Kc7 20. Bf4
Ne5 21. Re6 Re8 22. Bxe5+ fxe5 23. Rxe8 Rxe8 24. Kc2 Re6 25. h4 Rg6 26. g4 Rf6
27. Rd3 a5 28. Kd2 b5 29. h5 Rf7 30. Ke3 Rd7 31. Rxd7+ Kxd7 32. c4 a4 33. bxa4
bxa4 34. Kd2 Kd6 35. Kc3 Kc5 36. g5 g6 37. hxg6 hxg6 0-1

[Event "AUTO-MASTER-3300"]
[Site "http://www.queenalice.com/game.php?id=1871454"]
[Date "2026.4.5"]
[Round "1"]
[White "JailtonMaster"]
[Black "Rafale2000"]
[Result "0-1"]
[WhiteElo "2135"]
[BlackElo "1996"]

1. d4 Nf6 2. c4 c5 3. d5 b5 4. cxb5 a6 5. bxa6 Bxa6 6. Nc3 g6 7. Nf3 d6 8. g3
Bg7 9. Bg2 O-O 10. O-O Nbd7 11. Re1 Qb6 12. e4 Rfc8 13. e5 dxe5 14. Nxe5 Qd6 15.
Nc6 Bf8 16. Bf4 e5 17. Nxe5 Qb6 18. Qc2 Rab8 19. Nxd7 Nxd7 20. Bxb8 Rxb8 21. b3
Bg7 22. Rad1 Rd8 23. Na4 Qd6 24. Bh3 Bd4 25. Bxd7 Rxd7 26. Qe4 Rd8 27. Rxd4 cxd4
28. Qxd4 Bb7 29. Nc3 f5 30. Re6 Qxe6 31. dxe6 Rxd4 32. e7 Kf7 0-1

[Event "AUTO-MASTER-3300"]
[Site "http://www.queenalice.com/game.php?id=1871455"]
[Date "2026.4.5"]
[Round "1"]
[White "Rafale2000"]
[Black "JailtonMaster"]
[Result "0-1"]
[WhiteElo "2007"]
[BlackElo "2121"]

1. e4 e5 2. Nf3 Nc6 3. d4 exd4 4. Bc4 Bb4+ 5. Bd2 Bxd2+ 6. Qxd2 Nf6 7. O-O O-O
8. Re1 d6 9. Nxd4 Nxd4 10. Qxd4 Be6 11. Nd2 Bxc4 12. Qxc4 Re8 13. Rad1 c6 14.
Nf3 Qc7 15. b4 Rad8 16. a4 a6 17. b5 axb5 18. axb5 d5 19. exd5 Rxe1+ 20. Rxe1
Rxd5 21. bxc6 bxc6 22. Nd4 Re5 23. Rxe5 Qxe5 24. Nxc6 Qe1+ 25. Qf1 Qc3 26. Qd3
Qe1+ 27. Qf1 Qe4 28. Qd3 Qxc6 29. c4 h6 30. f3 Qb6+ 31. Kf1 Nh5 32. g3 Nf6 33.
Kg2 Qb2+ 34. Kh3 Qf2 35. Qd8+ Kh7 36. Qd3+ g6 37. g4 h5 38. gxh5 Nxh5 39. Qe4
Kh6 40. Qc6 Qf1+ 41. Kh4 Qg2 42. Qd5 Qxh2+ 43. Kg4 Qg3# 0-1

[Event "AUTO-MASTER-3300"]
[Site "http://www.queenalice.com/game.php?id=1871462"]
[Date "2026.4.5"]
[Round "1"]
[White "tarasch"]
[Black "Rafale2000"]
[Result "1-0"]
[WhiteElo "2122"]
[BlackElo "1984"]

1. d4 Nf6 2. c4 c5 3. d5 b5 4. Nf3 bxc4 5. Nc3 e6 6. e4 exd5 7. exd5 Ba6 8. Nd2
Bd6 9. Bxc4 O-O 10. O-O Bxc4 11. Nxc4 Be5 12. Nxe5 d6 13. Nf3 Nbd7 14. Bg5 Qb6
15. Bxf6 Nxf6 16. Qc2 Rab8 17. b3 Rfe8 18. Rfe1 Kf8 19. Rxe8+ Rxe8 20. Re1 Rxe1+
21. Nxe1 Qb4 22. Nf3 g6 23. h3 Kg7 24. Nd2 Qd4 25. Nb5 Qe5 26. Nc4 Qa1+ 27. Kh2
Ne8 28. Qb2+ Qxb2 29. Nxb2 a6 30. Nc3 f5 31. Nc4 Kf6 32. Kg3 g5 33. f4 h6 34.
Kf3 h5 35. g4 hxg4+ 36. hxg4 fxg4+ 37. Kxg4 gxf4 38. Kxf4 Ke7 39. Ne4 Kd7 40.
Kg5 Ke7 41. Kg6 Kd7 42. Nf6+ Ke7 43. Nxe8 Kxe8 44. Kf6 Kd7 45. Kf7 Kc7 46. Ke7
1-0

[Event "AUTO-MASTER-3300"]
[Site "http://www.queenalice.com/game.php?id=1871463"]
[Date "2026.4.5"]
[Round "1"]
[White "Rafale2000"]
[Black "tarasch"]
[Result "0-1"]
[WhiteElo "2010"]
[BlackElo "2171"]

1. e4 e6 2. d4 d5 3. Nd2 Be7 4. e5 c5 5. c3 cxd4 6. cxd4 Nc6 7. Ngf3 Qb6 8. Nb3
a5 9. Qc2 Bd7 10. Be3 Rc8 11. Nc5 Nb4 12. Qd2 Bb5 13. a3 Bxf1 14. axb4 Bxg2 15.
Rg1 Bxf3 16. Rxa5 Bf8 17. Rg3 Be4 18. Ke2 Ne7 19. f3 Bg6 20. Rg1 Nc6 21. Rga1
Nxa5 22. Rxa5 Bxc5 23. bxc5 Qc6 24. b4 O-O 25. b5 Qc7 26. Ra7 Ra8 27. Qa2 Rxa7
28. Qxa7 Qb8 29. Qb6 Qa8 30. c6 bxc6 31. bxc6 Rc8 0-1

[Event "AUTO-MASTER-3304"]
[Site "http://www.queenalice.com/game.php?id=1872708"]
[Date "2026.4.30"]
[Round "1"]
[White "chessman"]
[Black "Rafale2000"]
[Result "0-1"]
[WhiteElo "2069"]
[BlackElo "1981"]

1. e4 Nf6 2. d3 e5 3. Nf3 Nc6 4. Be2 Bc5 5. O-O d6 6. h3 O-O 7. Nc3 Re8 8. Bg5
h6 9. Bh4 Re6 10. Nd5 Nd4 11. c3 Nxe2+ 12. Qxe2 g5 13. Nxg5 Nxd5 14. Nxe6 Qxh4
15. exd5 fxe6 16. Qf3 exd5 17. Qxd5+ Kg7 18. b4 c6 19. Qf3 Bb6 20. a4 Be6 21. a5
Bc7 22. c4 Rf8 23. Qe3 b6 24. axb6 axb6 25. Ra7 Rf7 26. c5 Qxb4 27. cxd6 Qxd6
28. Ra4 e4 29. Qd4+ Qxd4 30. Rxd4 exd3 31. Rd1 Bf5 32. f4 c5 33. Rc4 Be6 34. Re4
Bd5 35. Re8 c4 0-1

[Event "AUTO-MASTER-3304"]
[Site "http://www.queenalice.com/game.php?id=1872709"]
[Date "2026.4.30"]
[Round "1"]
[White "Rafale2000"]
[Black "chessman"]
[Result "1/2-1/2"]
[WhiteElo "2001"]
[BlackElo "2020"]

1. e4 e6 2. d4 d5 3. Nd2 dxe4 4. Nxe4 Nd7 5. Nf3 Ngf6 6. Nxf6+ Nxf6 7. Bd3 Be7
8. O-O O-O 9. Ne5 c5 10. Be3 cxd4 11. Bxd4 a6 12. Bc3 b5 13. b3 Bb7 14. Qe2 Qc7
15. Bb2 Rfd8 16. Rad1 h6 17. Rd2 Bb4 18. Rdd1 Bc3 19. Bxc3 Qxc3 20. Nf3 Nd5 21.
Qd2 Qxd2 22. Rxd2 Nf4 23. Rfd1 Nxd3 24. Rxd3 Rxd3 25. Rxd3 Bxf3 26. Rxf3 Rd8 27.
Rd3 Rxd3 28. cxd3 Kf8 29. f4 Ke7 30. g4 Kd6 31. Kf2 Kd5 32. Ke3 f6 33. h4 e5 34.
fxe5 Kxe5 35. b4 Kd5 36. h5 Ke5 37. d4+ Kd5 38. Kd3 Ke6 39. Ke4 Kd6 40. d5 Ke7
41. Kf5 1/2-1/2

[Event "AUTO-MASTER-3304"]
[Site "http://www.queenalice.com/game.php?id=1872716"]
[Date "2026.4.30"]
[Round "1"]
[White "cerenzo72"]
[Black "Rafale2000"]
[Result "1-0"]
[WhiteElo "2179"]
[BlackElo "2044"]

1. c4 Nf6 2. Nf3 d6 3. d4 Bg4 4. Nc3 c6 5. e4 e6 6. Be2 Nbd7 7. b4 Be7 8. O-O
O-O 9. Bb2 Re8 10. a4 c5 11. bxc5 dxc5 12. d5 exd5 13. cxd5 Bd6 14. Qd3 a6 15.
a5 Bxf3 16. Bxf3 Ne5 17. Qe2 Qc7 18. h3 Nxf3+ 19. Qxf3 Be5 20. Rfe1 b6 21. axb6
Qxb6 22. Rab1 Qd6 23. Na4 Rab8 24. Bxe5 Qxe5 25. Nxc5 Rb5 26. Nxa6 Ra5 27. Nb4
Qh5 28. Qxh5 Nxh5 29. Nc6 Rc5 30. Re2 Nf4 31. Re3 Rc4 32. f3 g5 33. Reb3 Rc2 34.
R3b2 Rxb2 35. Rxb2 Ra8 36. d6 Ne6 37. d7 Kf8 38. Rd2 Nd8 39. Rc2 Nxc6 40. Rxc6
Rd8 41. Rd6 Ke7 42. Rd5 h6 43. Kf2 Rxd7 44. Rxd7+ Kxd7 45. Kg3 h5 46. f4 f6 47.
fxg5 fxg5 48. h4 1-0

[Event "AUTO-MASTER-3304"]
[Site "http://www.queenalice.com/game.php?id=1872717"]
[Date "2026.4.30"]
[Round "1"]
[White "Rafale2000"]
[Black "cerenzo72"]
[Result "1/2-1/2"]
[WhiteElo "2012"]
[BlackElo "2163"]

1. e4 e5 2. Nf3 d6 3. d4 exd4 4. Nxd4 Nf6 5. Nc3 Be7 6. Be2 O-O 7. O-O c5 8.
Ndb5 a6 9. Na3 b5 10. Nd5 Bb7 11. Bf3 Nc6 12. Nxe7+ Qxe7 13. Re1 Nd4 14. Bg5 Bc6
15. c3 Nxf3+ 16. gxf3 Qe5 17. f4 Qe6 18. f3 Nh5 19. f5 Qe5 20. Qd2 f6 21. Bh4
Nf4 22. Bg3 g5 23. Rad1 Rad8 24. Bxf4 Qxf4 25. Qxf4 gxf4 26. Rd2 Kh8 27. Red1
Rg8+ 28. Kf2 Rg7 29. Rxd6 Rxd6 30. Rxd6 Bb7 31. Rd8+ Rg8 32. Rd7 Rg7 33. Rd8+
Rg8 34. Rd7 1/2-1/2

[Event "AUTO-OPEN-4650"]
[Site "http://www.queenalice.com/game.php?id=1872783"]
[Date "2026.5.2"]
[Round "1"]
[White "maurice916"]
[Black "Rafale2000"]
[Result "1/2-1/2"]
[WhiteElo "1910"]
[BlackElo "2014"]

1. Nf3 d6 2. c4 Bg4 3. Nc3 c6 4. e3 Nf6 5. Be2 Nbd7 6. O-O g6 7. b3 Bg7 8. Bb2
O-O 9. d4 d5 10. Rc1 Re8 11. h3 Bxf3 12. Bxf3 e5 13. dxe5 Nxe5 14. Be2 dxc4 15.
bxc4 Qc7 16. Qb3 Rad8 17. Rfd1 b6 18. Bf1 Rxd1 19. Rxd1 Rd8 20. Rxd8+ Qxd8 21.
Ne2 Ne4 22. Qc2 Qd3 23. Qxd3 Nxd3 24. Bxg7 Kxg7 25. f3 Nf6 26. Nd4 Nb4 27. a3
Na2 28. Nxc6 a5 29. Nd4 Nd7 30. Kf2 f5 31. Ke1 Nc3 32. Nc2 Kf6 33. Kd2 Na4 34.
Nd4 Nac5 35. Kc3 h5 36. g3 Ne6 37. Nc2 Ng5 38. Bg2 Ne6 39. Nd4 Ndc5 40. Nb5 g5
41. Nd4 f4 42. gxf4 gxf4 43. e4 Nxd4 44. Kxd4 h4 45. Kd5 Nd7 46. Kc6 Ke7 47. Kd5
Nc5 48. Kc6 Nd7 49. Bf1 Ke6 50. Be2 Ke7 51. Bd1 Ne5+ 52. Kd5 Nd7 53. e5 Nc5 54.
Kc6 Nd7 55. Kd5 Nc5 56. Bc2 Kd7 57. Bf5+ Ke7 58. Kc6 Nb3 59. Kxb6 Nd2 60. c5
Nc4+ 61. Kb5 Nxa3+ 62. Kxa5 Nc4+ 63. Kb5 Na3+ 64. Ka6 Nc4 65. c6 Kd8 66. Kb7
Na5+ 67. Kb6 Nc4+ 68. Kb7 Na5+ 69. Kb6 Nc4+ 70. Kb7 1/2-1/2

[Event "AUTO-OPEN-4650"]
[Site "http://www.queenalice.com/game.php?id=1872784"]
[Date "2026.5.2"]
[Round "1"]
[White "Rafale2000"]
[Black "maurice916"]
[Result "1-0"]
[WhiteElo "1996"]
[BlackElo "1911"]

1. e4 c6 2. d4 d5 3. Nc3 dxe4 4. Nxe4 Nf6 5. Nxf6+ exf6 6. Bc4 Bd6 7. Qh5 O-O 8.
Bd3 g6 9. Qh6 Re8+ 10. Ne2 Qe7 11. O-O Qf8 12. Nc3 Na6 13. Ne4 Be7 14. Qh4 g5
15. Nxf6+ Bxf6 16. Qxh7# 1-0

[Event "AUTO-OPEN-4650"]
[Site "http://www.queenalice.com/game.php?id=1872805"]
[Date "2026.5.2"]
[Round "1"]
[White "game"]
[Black "Rafale2000"]
[Result "0-1"]
[WhiteElo "1584"]
[BlackElo "2018"]

1. e4 Nf6 2. Nc3 d5 3. d3 dxe4 4. Nxe4 Nxe4 5. dxe4 Qxd1+ 6. Kxd1 e5 7. Bc4 Bc5
8. Nf3 Bg4 9. Be3 Nd7 10. c3 O-O 11. Kc2 Rad8 12. Bg5 Bxf3 13. Bxd8 Bxe4+ 14.
Bd3 Bxd3+ 15. Kxd3 Rxd8 16. Ke2 Nf6 17. b4 Be7 18. a4 Ne4 19. Rhc1 Rd2+ 20. Ke3
f5 21. f4 exf4+ 22. Kxf4 Rf2+ 23. Ke3 Bg5+ 24. Kd4 Bxc1 25. Rxc1 Rxg2 26. Re1
Rxh2 27. c4 Ra2 28. a5 Ra4 29. Ke5 g6 30. Rd1 Nd6 31. Ke6 Rxb4 32. c5 Nb5 33.
Kf6 Rd4 34. Re1 Rd8 35. Kg5 Nd4 36. Re7 Nb5 37. Kh6 f4 38. Rxh7 Rd1 39. Kxg6 f3
40. Rg7+ Kf8 41. Rf7+ Ke8 42. Rxf3 Rd5 43. Re3+ Kd7 44. Kf6 Rxc5 45. Re7+ Kc6
46. Re6+ Nd6 47. Re7 Rxa5 48. Re6 Ra1 49. Re7 a5 50. Ke6 Re1+ 51. Kf6 Rxe7 52.
Kxe7 a4 53. Ke6 a3 54. Ke7 a2 55. Ke6 a1=Q 56. Ke7 Qe5+ 57. Kd8 Qe8# 0-1

[Event "AUTO-OPEN-4650"]
[Site "http://www.queenalice.com/game.php?id=1872806"]
[Date "2026.5.2"]
[Round "1"]
[White "Rafale2000"]
[Black "game"]
[Result "1-0"]
[WhiteElo "1979"]
[BlackElo "1605"]

1. e4 d6 2. d4 e5 3. dxe5 Nc6 4. Nf3 Bg4 5. Bc4 Nd4 6. Qxd4 c5 7. Qc3 Be6 8.
Bb5+ Bd7 9. Bxd7+ Qxd7 10. O-O dxe5 11. Qxe5+ Ne7 12. Be3 b6 13. Nc3 f6 14. Qg3
Ng6 15. Rad1 Qc6 16. Rfe1 Be7 17. Nd5 Bd6 18. Bf4 Nxf4 19. Qxg7 Rf8 20. Nxf6+
Kd8 21. Qxf8+ Kc7 22. Qf7+ Kb8 23. e5 Bc7 24. Nd7+ Kb7 25. Qxf4 Rd8 26. Nxc5+
Qxc5 27. Qe4+ Kc8 28. Qa8+ Bb8 29. Rxd8+ Kxd8 30. Qxb8+ Ke7 31. Qxa7+ Ke6 32.
Qxh7 b5 33. Qg6+ Kd5 34. Rd1+ Kc4 35. Qe4+ 1-0

[Event "AUTO-OPEN-4650"]
[Site "http://www.queenalice.com/game.php?id=1872817"]
[Date "2026.5.2"]
[Round "1"]
[White "Capixabba789"]
[Black "Rafale2000"]
[Result "1-0"]
[WhiteElo "1850"]
[BlackElo "2009"]

1. d4 Nf6 2. c4 c5 3. d5 b5 4. e3 bxc4 5. Bxc4 Ba6 6. b3 g6 7. Nf3 Bg7 8. Nc3
Bxc4 9. bxc4 O-O 10. Bb2 Ne4 11. Qc2 Qa5 12. Rc1 Bxc3+ 13. Bxc3 Nxc3 14. Qxc3
Qxc3+ 15. Rxc3 Na6 16. O-O Rfb8 17. Ne5 Rb7 18. f4 f6 19. Nf3 Rab8 20. h3 Rb2
21. Ra1 Re2 22. Rb3 Nb4 23. a3 Na6 24. Rxb8+ Nxb8 25. Rb1 Na6 26. Rb7 Rxe3 27.
Rxd7 Rxa3 28. Rxa7 Kf7 29. d6 Ra2 30. Rxe7+ Kf8 31. Rxh7 Ra1+ 32. Kh2 Rd1 33. d7
Nb8 34. Rh8+ Ke7 35. Rxb8 Rxd7 36. Rc8 Rd4 37. Nxd4 cxd4 38. Rc5 Kd6 39. Rd5+
1-0

[Event "AUTO-OPEN-4650"]
[Site "http://www.queenalice.com/game.php?id=1872818"]
[Date "2026.5.2"]
[Round "1"]
[White "Rafale2000"]
[Black "Capixabba789"]
[Result "1-0"]
[WhiteElo "2002"]
[BlackElo "1843"]

1. e4 e5 2. Nf3 d6 3. d4 exd4 4. Nxd4 Nf6 5. Nc3 Be7 6. Bd3 O-O 7. O-O Bd7 8. f4
Nc6 9. Be3 Nxd4 10. Bxd4 c5 11. e5 dxe5 12. Bxe5 Bg4 13. Be2 Bxe2 14. Qxe2 Re8
15. Rad1 Qc8 16. Rfe1 h6 17. Rd3 Ng4 18. Qf3 Nxe5 19. fxe5 b6 20. Qe4 Bg5 21. h4
Bf6 22. Rd5 Qc7 23. Nb5 Qe7 24. Nc3 Bxh4 25. Re3 Bg5 26. Re2 Rad8 27. Rxd8 Rxd8
28. Qf5 Re8 29. g3 Bc1 30. Nd5 Qe6 31. Qxe6 Rxe6 32. c3 a5 33. b4 axb4 34. cxb4
Ba3 35. bxc5 Bxc5+ 36. Kf1 Bd4 37. a4 Rxe5 38. Ne7+ Kh8 39. Nc6 Rxe2 40. Kxe2
Bc5 41. Kd3 Kg8 42. Kc4 Bf2 43. g4 Kh7 44. Na7 Kg6 45. Nc8 Kg5 46. Kb5 Kxg4 47.
Nxb6 h5 48. a5 h4 49. a6 h3 50. a7 f5 51. a8=Q f4 52. Qh1 f3 53. Nc4 Bg3 54. Nd2
f2 55. Kc4 h2 56. Kd3 Kh3 57. Ke2 g6 58. Ne4 Kh4 59. Qg2 g5 60. Qxg3+ Kh5 61.
Qxg5# 1-0

[Event "AUTO-ADV-4926"]
[Site "http://www.queenalice.com/game.php?id=1873527"]
[Date "2026.5.18"]
[Round "2"]
[White "zubarev"]
[Black "Rafale2000"]
[Result "0-1"]
[WhiteElo "2002"]
[BlackElo "1982"]

1. d4 Nf6 2. Nc3 d5 3. Nf3 Bg4 4. e3 e6 5. Be2 Bb4 6. Bd2 O-O 7. O-O c5 8. Ne5
Bxe2 9. Nxe2 Bxd2 10. Qxd2 c4 11. c3 Nbd7 12. f4 Ne4 13. Qc2 f5 14. Rf3 Ndf6 15.
Ng3 Nxg3 16. Rxg3 Ne4 17. Qa4 Nxg3 18. hxg3 Qe8 19. Qc2 b5 20. a4 a6 21. a5 Rf6
22. b3 Rh6 23. Nf3 cxb3 24. Qxb3 Rc8 25. Ng5 Rc4 26. Qa3 Rg6 27. Qd6 Rc6 28. Qb4
Qc8 29. Rc1 Qd7 30. Nf3 Qd6 31. Qb3 Rf6 32. Ne5 Rc7 33. Kf2 Rf8 34. Rh1 Rfc8 35.
Rc1 b4 36. c4 dxc4 37. Qd1 b3 38. Qe2 c3 39. Nd3 b2 40. Rb1 Qa3 41. Qc2 Qa1 42.
Nb4 Qxa5 43. Nd3 Qd5 44. Nb4 Qe4 45. Nd3 Qxd3 46. Qxd3 c2 47. Re1 c1=Q 0-1

[Event "AUTO-ADV-4926"]
[Site "http://www.queenalice.com/game.php?id=1873528"]
[Date "2026.5.18"]
[Round "2"]
[White "Rafale2000"]
[Black "zubarev"]
[Result "0-1"]
[WhiteElo "2033"]
[BlackElo "1947"]

1. e4 e5 2. Nf3 Nc6 3. d4 exd4 4. Bc4 Be7 5. c3 d6 6. cxd4 Nf6 7. e5 Nd7 8. e6
fxe6 9. Bxe6 Nf6 10. Qe2 Bd7 11. Ng5 Rf8 12. Bxd7+ Qxd7 13. Nxh7 Rh8 14. Ng5
Nxd4 15. Qc4 Qg4 16. Qf7+ Kd7 17. Na3 Qe2# 0-1

[Event "AUTO-ADV-4926"]
[Site "http://www.queenalice.com/game.php?id=1873529"]
[Date "2026.5.18"]
[Round "2"]
[White "Jsc"]
[Black "Rafale2000"]
[Result "1-0"]
[WhiteElo "2007"]
[BlackElo "1990"]

1. e4 Nf6 2. e5 Nd5 3. c4 Nb6 4. a4 Nxc4 5. Bxc4 e6 6. d4 d5 7. Bd3 c5 8. Nf3 c4
9. Bc2 Bb4+ 10. Nc3 Nc6 11. O-O Bd7 12. Bd2 O-O 13. Ng5 h6 14. Qh5 Nxd4 15. Bb1
Be8 16. Qh3 f5 17. exf6 Qxf6 18. Nxe6 Nxe6 19. Nxd5 Qxb2 20. Qxe6+ Bf7 21. Qe4
g6 22. Ra2 Bxd5 23. Qxd5+ 1-0